1988 1950 1843 1005 1007 1024 1305 1652 1653 1410 1854 1789 1613 1404 1919 1263 1652 1066 1324 1702 1908 1136 1539 1211 1286 1310 1664 1215 1751 1593 1380 1575 1067 1527 1713 1724 1955 1834 1648 1687 1666 1072 1095 1608 1907 1515 1056 1318 1731 1516 1073 1063 1099 1522 1942 1680 1205 1939 1040 1147 1747 1234 1752 1927 1398 1926 1682 1500 1886 1527 1230 1436 1961 1736 1920 1950 1545 1469 1737 1780 1839 1607 1694 1301 1127 1408 1035 1792 1217 1998 1410 1804 1131 1251 1670 1002 1736 1028 1716 BCNSPRNW ULIB Ver.6.0+V

เปลี่ยนเป็นภาษาไทย

Change to English
 แสดงรายละเอียดบรรณานุกรม
  กลับหน้าหลัก

Brief Record : Get Marc (ISO 2709) : E-mail record : QR code < ปิดหน้าต่าง
LEADER : 00000nam 2200000uu 4500
001    13399128112
003     ULIB
008    220526s2564||||th 000 0 tha d
020    ^a9786163980854
060 04 ^aWY160^bส254ก
100 0  ^aสมบัติ สกุลพรรณ์
245 10 ^aการพยาบาลผู้มีพฤติกรรมการฆ่าตัวตาย =^bNursing care for personswith suicide behavior /^cสมบัติ สกุลพรรณ์
246 31 ^aNursing care for persons with suicide behavior
250    ^aพิมพ์ครั้งที่ 1
260    ^aเชียงใหม่ :^bคณะพยาบาลศาสตร์ มหาวิทยาลัยเชียงใหม่,^c2564
300    ^aก-ซ, 136 หน้า ;^c25 ซม.
650  4 ^aการฆ่าตัวตาย
650  4 ^aการพยาบาลจิตเวชศาสตร์
650  4 ^aพฤติกรรมการฆ่าตัวตาย
650  4 ^aโรคจิตเภท
710 2  ^aมหาวิทยาลัยเชียงใหม่.^bคณะพยาบาลศาสตร์
945    ^p220^l0^i008879
945    ^p220^l0^i008880
945    ^p220^l0^i008881
945    ^p220^l0^i008882
945    ^p220^l0^i008883
945    ^p220^l0^i008884
945    ^p220^l0^i008885
945    ^p220^l0^i008886
945    ^p220^l0^i008887
945    ^p220^l0^i008888
945    ^p220^l0^i008889
945    ^p220^l0^i008890
945    ^p220^l0^i008891
945    ^p220^l0^i008892
945    ^p220^l0^i008893
999    ^aประนอม เกษจรัล
รายการนี้ยังไม่มีแท็ก
คุณยังไม่ได้ล็อกอิน คุณสามารถมีกิจกรรมร่วมกับเว็บไซต์ได้ แต่ต้องล็อกอินก่อน ::
  ล็อกอิน

รายการสื่อสารสนเทศ

ลำดับที่ ประเภท เลขเรียก/บาร์โค้ด สถานที่ สถานะ
1. Book การพยาบาล
หนังสือสำรอง
สถานะ=หนังสือสำรอง
WY160 ส254ก ฉ.1 
  Barcode: 008879
ห้องสมุดวิทยาเขตสวรรค์ประชารักษ์
►หนังสือทั่วไป
บนชั้น
2. Book การพยาบาล
Book การพยาบาล
WY160 ส254ก ฉ.10 
  Barcode: 008888
ห้องสมุดวิทยาเขตสวรรค์ประชารักษ์
►หนังสือทั่วไป
บนชั้น
3. Book การพยาบาล
Book การพยาบาล
WY160 ส254ก ฉ.11 
  Barcode: 008889
ห้องสมุดวิทยาเขตสวรรค์ประชารักษ์
►หนังสือทั่วไป
บนชั้น
4. Book การพยาบาล
Book การพยาบาล
WY160 ส254ก ฉ.12 
  Barcode: 008890
ห้องสมุดวิทยาเขตสวรรค์ประชารักษ์
►หนังสือทั่วไป
บนชั้น
5. Book การพยาบาล
Book การพยาบาล
WY160 ส254ก ฉ.13 
  Barcode: 008891
ห้องสมุดวิทยาเขตสวรรค์ประชารักษ์
►หนังสือทั่วไป
บนชั้น
6. Book การพยาบาล
Book การพยาบาล
WY160 ส254ก ฉ.14 
  Barcode: 008892
ห้องสมุดวิทยาเขตสวรรค์ประชารักษ์
►หนังสือทั่วไป
บนชั้น
7. Book การพยาบาล
Book การพยาบาล
WY160 ส254ก ฉ.15 
  Barcode: 008893
ห้องสมุดวิทยาเขตสวรรค์ประชารักษ์
►หนังสือทั่วไป
บนชั้น
8. Book การพยาบาล
Book การพยาบาล
WY160 ส254ก ฉ.2 
  Barcode: 008880
ห้องสมุดวิทยาเขตสวรรค์ประชารักษ์
►หนังสือทั่วไป
บนชั้น
9. Book การพยาบาล
Book การพยาบาล
WY160 ส254ก ฉ.3 
  Barcode: 008881
ห้องสมุดวิทยาเขตสวรรค์ประชารักษ์
►หนังสือทั่วไป
บนชั้น
10. Book การพยาบาล
Book การพยาบาล
WY160 ส254ก ฉ.4 
  Barcode: 008882
ห้องสมุดวิทยาเขตสวรรค์ประชารักษ์
►หนังสือทั่วไป
บนชั้น
11. Book การพยาบาล
Book การพยาบาล
WY160 ส254ก ฉ.5 
  Barcode: 008883
ห้องสมุดวิทยาเขตสวรรค์ประชารักษ์
►หนังสือทั่วไป
บนชั้น
12. Book การพยาบาล
Book การพยาบาล
WY160 ส254ก ฉ.6 
  Barcode: 008884
ห้องสมุดวิทยาเขตสวรรค์ประชารักษ์
►หนังสือทั่วไป
บนชั้น
13. Book การพยาบาล
Book การพยาบาล
WY160 ส254ก ฉ.7 
  Barcode: 008885
ห้องสมุดวิทยาเขตสวรรค์ประชารักษ์
►หนังสือทั่วไป
บนชั้น
14. Book การพยาบาล
Book การพยาบาล
WY160 ส254ก ฉ.8 
  Barcode: 008886
ห้องสมุดวิทยาเขตสวรรค์ประชารักษ์
►หนังสือทั่วไป
บนชั้น
15. Book การพยาบาล
Book การพยาบาล
WY160 ส254ก ฉ.9 
  Barcode: 008887
ห้องสมุดวิทยาเขตสวรรค์ประชารักษ์
►หนังสือทั่วไป
บนชั้น

รายการใกล้เคียง
    ผู้แต่ง [สมบัติ สกุลพรรณ์]

    หัวเรื่อง [การฆ่าตัวตาย]
    หัวเรื่อง [การพยาบาลจิตเวชศาสตร์]
    หัวเรื่อง [พฤติกรรมการฆ่าตัวตาย]
    หัวเรื่อง [โรคจิตเภท]

BibComment


ยังไม่เคยถูกคอมเมนท์

คอมเมนท์ทรัพยากรรายการนี้
  คอมเมนท์: การพยาบาลผู้มีพฤ..


 Copyright 2026. Bcnsprnw @Library